000 00764nam a2200241 a 4500
999 _c1483
_d1483
001 1483
003 BD-JhCC
005 20171019203005.0
008 171019s2005 bg a|||| ||a| 000 0 ben d
020 _a9844018315
035 _a(BD-JhCC)1483
040 _aBD-JhCC
_dBD-JhCC
041 _aben
082 _a362.4082
_bHOS 2005
100 _aহোসেন, আনোয়ার
245 _aমেয়ে শিশু সামাজিক বৈষম্য ধরন ও প্রভাব /
_cআনোয়ার হোসেন,
250 _a2nd Edi
260 _aঢাকা :
_bআগামী প্রকাশনী,
_c2005
300 _a208 p. :
_bill ;
_c24 cm.
650 _aSocial descrimination
942 _2ddc
_cBK